Septuaginta: Id est Vetus Testamentum graece iuxta LXX interpretes

Uloženo v:
Podrobná bibliografie
Hlavní autor: Rahlfs, Alfred (Autor)
Médium: Kniha
Jazyk:řečtina
Vydáno: Stuttgart Deutsche Bibelgesellschaft 1979
Témata:
Tagy: Přidat tag
Žádné tagy, Buďte první, kdo vytvoří štítek k tomuto záznamu!

MARC

LEADER 00000nam a2200000 a 4500
001 UCG6263
003 CL-VaPUC
008 110414e19790000GW |||||||||||||||||gre|d
020 |a 3438051214 
082 0 4 |a 221.48  |b RAH  |2 21 
100 0 |a Rahlfs, Alfred  |e author  |9 556337 
245 1 0 |a Septuaginta: Id est Vetus Testamentum graece iuxta LXX interpretes 
300 |a 941 p 
942 |c BK 
945 |d 20110414 00:00:00  |a dcastane 
260 |a Stuttgart  |b Deutsche Bibelgesellschaft  |c 1979 
650 0 |a Biblia  |9 257603 
650 0 |a Antiguo testamento   |9 313678 
650 7 |a TEXTOS GRIEGOS  |2 CL-VaPUC  |9 399082 
650 0 |a Crítica e interpretación   |9 255042 
650 0 |a Exégesis   |9 365279 
583 |a last modification  |c 20110414 00:00:00  |k Rodrigo Vera 
999 |c 344537  |d 344535 
952 |0 0  |1 0  |4 0  |6 221_480000000000000_RAH_1979  |7 0  |8 A  |9 442560  |a BIBTEO  |b BIBTEO  |d 2019-11-22  |i 4764420  |o 221.48 RAH 1979  |p 4764420  |r 2025-01-17  |w 2019-11-22  |y BK  |k ICR